PUR Facts/ Conversation of Polyurethane Foam in Art and Design/

Salvato in:
Dettagli Bibliografici
Autore principale: Oosten van, Thea (Autore)
Natura: Libro
Lingua:inglese
Pubblicazione: Amsterdam: Amsterdam University Press, 2011.
Accesso online:Visualizza in OPAC
Tags: Aggiungi Tag
Nessun Tag, puoi essere il primo ad aggiungerne!!

MARC

LEADER 00000nam a22000007a 4500
003 SK-BrSCK
005 20260127134425.0
008 220728b2011 xo ad||| |||| 00| 0 eng d
020 |a 9789089642103 
040 |a SK-BrSCK  |b slo  |c SK-BrSCK 
100 |d Oosten van, Thea  |e aut. 
245 |a PUR Facts/  |b Conversation of Polyurethane Foam in Art and Design/  |c Thea van Oosten 
260 |a Amsterdam:  |b Amsterdam University Press,  |c 2011. 
300 |a 128 s.:  |b Obr.,tab.;  |c 24 cm. 
500 |a Pur Research Project by Thea van Oosten, Aleth Lorne, Olivier BéringerObsahuje biblografiu 
504 |a Obsahuje biblografiu. 
942 |2 udc  |c 14 
999 |c 12449  |d 12449